Physical science (Record no. 24344)

MARC details
000 -LEADER
fixed length control field 00510nam a22001817a 4500
003 - CONTROL NUMBER IDENTIFIER
control field OSt
005 - DATE AND TIME OF LATEST TRANSACTION
control field 20260616094314.0
008 - FIXED-LENGTH DATA ELEMENTS--GENERAL INFORMATION
fixed length control field 260616b |||||||| |||| 00| 0 eng d
020 ## - INTERNATIONAL STANDARD BOOK NUMBER
International Standard Book Number 9780076664221
040 ## - CATALOGING SOURCE
Transcribing agency Chuka University Library
050 ## - LIBRARY OF CONGRESS CALL NUMBER
Classification number Q 11160 .M33 2018
100 ## - MAIN ENTRY--PERSONAL NAME
Personal name McLaughlin Charles William
9 (RLIN) 29312
245 ## - TITLE STATEMENT
Title Physical science
260 ## - PUBLICATION, DISTRIBUTION, ETC.
Place of publication, distribution, etc. Columbus
Name of publisher, distributor, etc. McGraw Hill
Date of publication, distribution, etc. 2018
300 ## - PHYSICAL DESCRIPTION
Extent various paging
Other physical details colored illustration
650 ## - SUBJECT ADDED ENTRY--TOPICAL TERM
Topical term or geographic name entry element Physical science
9 (RLIN) 20429
942 ## - ADDED ENTRY ELEMENTS (KOHA)
Source of classification or shelving scheme Library of Congress Classification
Koha item type Long Loan Books
Suppress in OPAC No
Holdings
Withdrawn status Lost status Source of classification or shelving scheme Damaged status Not for loan Collection Home library Current library Shelving location Date acquired Source of acquisition Cost, normal purchase price Total Checkouts Full call number Barcode Date last seen Copy number Price effective from Koha item type
    Library of Congress Classification     General Collection Books Main Campus Library Main Campus Library General Stacks 16/06/2026 Donations from books for Africa 1552.68   Q 160 .M33 2018 34743/2026 16/06/2026 C.2 16/06/2026 Long Loan Books
    Library of Congress Classification     General Collection Books Main Campus Library Main Campus Library General Stacks 16/06/2026 Donations from books for Africa 1552.68   Q 160 .M33 2018 34732/2026 16/06/2026 C.3 16/06/2026 Long Loan Books
    Library of Congress Classification     General Collection Books Main Campus Library Main Campus Library General Stacks 16/06/2026 Donations from books for Africa 1552.68   Q 160 .M33 2018 34744/2026 16/06/2026 C.1 16/06/2026 Long Loan Books
    Library of Congress Classification     General Collection Books Main Campus Library Main Campus Library General Stacks 16/06/2026 Donations from books for Africa 1552.68   Q 160 .M33 2018 34747/2026 16/06/2026 C.7 16/06/2026 Long Loan Books
    Library of Congress Classification     General Collection Books Main Campus Library Main Campus Library General Stacks 16/06/2026 Donations from books for Africa 1552.68   Q 160 .M33 2018 34746/2026 16/06/2026 C.9 16/06/2026 Long Loan Books
    Library of Congress Classification     General Collection Books Main Campus Library Main Campus Library General Stacks 16/06/2026 Donations from books for Africa 1552.68   Q 160 .M33 2018 34745/2026 16/06/2026 C.8 16/06/2026 Long Loan Books
    Library of Congress Classification     General Collection Books Main Campus Library Main Campus Library General Stacks 16/06/2026 Donations from books for Africa 1552.68   Q 160 .M33 2018 34750/2026 16/06/2026 C.5 16/06/2026 Long Loan Books
    Library of Congress Classification     General Collection Books Main Campus Library Main Campus Library General Stacks 16/06/2026 Donations from books for Africa 1552.68   Q 160 .M33 2018 34749/2026 16/06/2026 C.4 16/06/2026 Long Loan Books
    Library of Congress Classification     General Collection Books Main Campus Library Main Campus Library General Stacks 16/06/2026 Donations from books for Africa 1552.68   Q 160 .M33 2018 34748/2026 16/06/2026 C.6 16/06/2026 Long Loan Books

Powered by Koha